000 01392nam a22003017a 4500
005 20081127104916.0
008 081127t xxu||||| |||| 00| 0 in d
010 _aHIN-85336
020 _a8170434734
_c350.00
035 _aHN-57682
037 _bDBAD / PUB
040 _aDPL
_bHN
082 _a808.883
100 _aशिवरानी देवी प्रेमचन्द
245 _aप्रेमचन्दः घर में /
_cशिवरानी देवी प्रेमचन्द
246 _aPremchand: ghara men
_bby Shivrani Devi 'Premchand'
260 _aदिल्ली
_bआत्माराम एण्ड संस
_c2008
270 _a1376, कश्मीरी गेट
_bदिल्ली
_e110006
_k011-23946466, 23973082
_matmaram_books@hotmail.com
300 _a304 पृ.
_c21सेमी(सजिल्द)
600 _aप्रेमचन्द, 1881-1936
600 _aPremchand, 1881-1936
650 _aस्मृति
650 _aMemory
700 _aश्रद्धांजली
700 _aचतुर्वेदी, बनारसी दास
942 _2ddc
_cHN
_mशिवरा
_h808.883
999 _c19631
_d19631